[Event "Scarborough CC Winter End U1800"]
[Site "Toronto"]
[Date "2012.02.16"]
[Round "1"]
[White "Super, Russell"]
[Black "Mahendran, Sujeev"]
[Result "0-1"]
[WhiteElo "1427"]
[BlackElo "1625"]
[PlyCount "86"]
[EventDate "2012.02.16"]
[EventType "swiss"]
[EventRounds "5"]
[EventCountry "CAN"]
[SourceTitle "EXT 2022"]
[Source "ChessBase"]
[SourceDate "2021.10.06"]
[SourceVersion "1"]
[SourceVersionDate "2021.10.06"]
[SourceQuality "1"]

1. e4 e5 2. Nf3 d6 3. d4 Nc6 4. dxe5 Nxe5 5. Nxe5 dxe5 6. Qxd8+ Kxd8 7. Bc4 f5 8. exf5 Bxf5 9. Bb3 Nf6 10. 0-0 Bd6 11. Re1 Re8 12. Nd2 b5 13. Nf3 h6 14. h3 a5 15. c3 a4 16. Bd1 c5 17. Be3 Nd5 18. Rc1 Nxe3 19. fxe3 c4 20. Bc2 Bd7 21. Rcd1 Kc7 22. Rd2 Bc5 23. Kf2 Bc6 24. Red1 Rf8 25. Ke2 e4 26. Ne5 Rf6 27. Nxc6 Raf8 28. Rg1 Rf2+ 29. Ke1 Bxe3 30. Nd4 Bxd2+ 31. Kd1 Re8 32. Nxb5+ Kc6 33. Bxa4 Kb6 34. Nd6 Rd8 35. Nxc4+ Ka7 36. Kc2 Bg5+ 37. Kb1 e3 38. Ne5 Rdd2 39. Nc4 Rxg2 40. Rxg2 Rxg2 41. Nxe3 Bxe3 42. Bc6 Rg1+ 43. Kc2 g5 0-1